000
00250nam a2200109Ia 4500
008
190216s9999||||xx |||||||||||||| ||und||
100
_a
Sree Harikrishnan
245
0
_a
Hindi-Manasa Durgadas
260
_b
Neruda Books
650
_a
Hindi
942
_c
BK
999
_c
15251
_d
15251